Normal view MARC view

Entry Personal Name

Number of records used in: 1

001 - CONTROL NUMBER

  • control field: 530892

003 - CONTROL NUMBER IDENTIFIER

  • control field: OSt

005 - DATE AND TIME OF LATEST TRANSACTION

  • control field: 20220930073013.0

008 - FIXED-LENGTH DATA ELEMENTS

  • fixed length control field: 220930|| aca||aabn | a|a d

040 ## - CATALOGING SOURCE

  • Original cataloging agency: OSt
  • Transcribing agency: OSt

100 ## - HEADING--PERSONAL NAME

  • Personal name: Das H.R. Supervisor

670 ## - SOURCE DATA FOUND

  • Source citation: Work cat.: (OSt)864558: Jayaraman Vani 530891, Purification and characterization of lipopolysaccharides form Bradyrhizobium and rhizobium and their interaction with legume lectins, 1998
Copyright @ Delhi University Library System